000 00399nam a2200145Ia 4500
008 230711s9999||||xx |||||||||||||| ||und||
041 _aENG
082 _a624
_bKA-R
100 _aCandiotti KA
245 0 _aRoutine surveillance ratio nuclides in air and water
250 _a1st Ed.
260 _c1990
_aNew Delhi
_bUBS Publishers and Distributors Pvt.Ltd.
650 _aCivil Engineering
942 _cBK
999 _c160
_d160